[Event "Titled Tuesday 2024.08.06 Late"]
[Site "Chess.com INT"]
[Date "2024.08.06"]
[Round "1"]
[White "Ozalp, Burak"]
[Black "Sai, Krishna GV"]
[Result "0-1"]
[WhiteElo "2059"]
[BlackElo "2402"]
[WhiteFideId "-1"]
[WhiteFideId "-1"]
[PlyCount "92"]
[GameId "2107989757604632"]
[EventDate "2024.08.06"]
[EventType "swiss (blitz)"]
[EventRounds "11"]
[EventCountry "NET"]
[SourceTitle "EXT 2025"]
[Source "ChessBase"]
[SourceDate "2024.10.14"]
[SourceVersion "1"]
[SourceVersionDate "2024.10.14"]
[SourceQuality "1"]

1. Nf3 g6 2. g3 Bg7 3. Bg2 e5 4. d3 d5 5. Nbd2 f5 6. e4 Ne7 7. O-O O-O 8. Re1 fxe4 9. dxe4 d4 10. b3 Nbc6 11. Ba3 Be6 12. Qe2 h6 13. Rad1 Qc8 14. Nc4 Bg4 15. Qd3 b5 16. Bxe7 Nxe7 17. Ncxe5 Bxe5 18. Nxe5 Bxd1 19. Rxd1 Qe6 20. f4 a6 21. Qxd4 Rad8 22. Qxd8 Rxd8 23. Rxd8+ Kg7 24. Nd7 Qd6 25. e5 Qd4+ 26. Kf1 Nf5 27. Nf8 Qa1+ 28. Kf2 Qxa2 29. Be4 Qa3 30. Ne6+ Kf7 31. Bd5 Ke7 32. Rh8 Kd7 33. Rh7+ Ne7 34. Nf8+ Kc8 35. Be6+ Kb7 36. Kg2 Qc5 37. c4 bxc4 38. bxc4 a5 39. Nd7 Qc6+ 40. Bd5 Nxd5 41. cxd5 Qxd5+ 42. Kh3 a4 43. Nf6 Qe6+ 44. Kg2 a3 45. Rh8 a2 46. Ne8 a1=Q 0-1

[Event "Titled Tuesday 2024.08.06 Late"]
[Site "Chess.com INT"]
[Date "2024.08.06"]
[Round "2"]
[White "Sai, Krishna GV"]
[Black "Ruiz Vazquez, Javier"]
[Result "0-1"]
[WhiteElo "2402"]
[BlackElo "2237"]
[WhiteFideId "-1"]
[WhiteFideId "-1"]
[PlyCount "158"]
[GameId "2107989757613072"]
[EventDate "2024.08.06"]
[EventType "swiss (blitz)"]
[EventRounds "11"]
[EventCountry "NET"]
[SourceTitle "EXT 2025"]
[Source "ChessBase"]
[SourceDate "2024.10.14"]
[SourceVersion "1"]
[SourceVersionDate "2024.10.14"]
[SourceQuality "1"]

1. g3 d5 2. Bg2 e5 3. c4 Nf6 4. Nc3 c6 5. cxd5 cxd5 6. Qb3 e4 7. Nh3 Nc6 8. Nf4 Na5 9. Qc2 g5 10. Nfxd5 Nxd5 11. Qxe4+ Ne7 12. Qe5 Rg8 13. Ne4 Bg7 14. Qxg5 Bf5 15. O-O Bxe4 16. Bxe4 Nac6 17. Bxh7 Bxb2 18. Bxg8 Bxa1 19. Ba3 Bd4 20. e3 Bb6 21. Bh7 Qd5 22. Qg4 Qe6 23. Qxe6 fxe6 24. d4 Rc8 25. Be4 Na5 26. h4 Kf7 27. h5 Nf5 28. g4 Rg8 29. Bf3 Nc4 30. Bc1 Nh6 31. Be2 Nxg4 32. Kh1 Nd6 33. f3 Nf6 34. Bb2 Nxh5 35. Rf2 Ng3+ 36. Kh2 Ndf5 37. Bc4 Rh8+ 38. Kg2 Nxe3+ 39. Kxg3 Rg8+ 40. Kf4 Nxc4 41. Bc3 Bc7+ 42. Ke4 Ke7 43. Bb4+ Kd7 44. d5 exd5+ 45. Kxd5 Ne3+ 46. Ke4 Nc4 47. Kd5 Nb6+ 48. Ke4 Rg5 49. Rd2+ Ke6 50. f4 Rg4 51. Rf2 Bxf4 52. Kf3 Rh4 53. Re2+ Be5 54. Bc3 Rh3+ 55. Kg4 Rxc3 56. a4 Rc4+ 57. Kg5 Rxa4 58. Re1 Nd7 59. Kg6 b5 60. Kh7 Rh4+ 61. Kg6 Rg4+ 62. Kh5 Nf6+ 63. Kh6 Kf7 64. Rg1 Rh4+ 65. Kg5 Rg4+ 66. Kf5 Rxg1 67. Kxe5 Re1+ 68. Kd4 Rc1 69. Kd3 Ng8 70. Kd2 Rc4 71. Kd3 a5 72. Kd2 a4 73. Kd3 a3 74. Kd2 a2 75. Kd3 a1=Q 76. Kd2 Qa2+ 77. Kd3 Qb3+ 78. Kd2 Rc2+ 79. Ke1 Qb1# 0-1

[Event "Titled Tuesday 2024.08.06 Late"]
[Site "Chess.com INT"]
[Date "2024.08.06"]
[Round "3"]
[White "Stojanovski, Sandi"]
[Black "Sai, Krishna GV"]
[Result "0-1"]
[WhiteElo "2169"]
[BlackElo "2402"]
[WhiteFideId "-1"]
[WhiteFideId "-1"]
[PlyCount "64"]
[GameId "2107989757621526"]
[EventDate "2024.08.06"]
[EventType "swiss (blitz)"]
[EventRounds "11"]
[EventCountry "NET"]
[SourceTitle "EXT 2025"]
[Source "ChessBase"]
[SourceDate "2024.10.14"]
[SourceVersion "1"]
[SourceVersionDate "2024.10.14"]
[SourceQuality "1"]

1. d3 g6 2. Nf3 Bg7 3. g3 e5 4. Bg2 d5 5. O-O Ne7 6. c4 dxc4 7. Qa4+ Nbc6 8. Qxc4 O-O 9. Nc3 Be6 10. Qa4 h6 11. Be3 Nf5 12. Rac1 Nxe3 13. fxe3 h5 14. Qb5 Bh6 15. Qxb7 Bxe3+ 16. Kh1 Bxc1 17. Qxc6 Bxb2 18. Nxe5 Qd4 19. Nxg6 Qxc3 20. Qxc3 Bxc3 21. Nxf8 Rxf8 22. Rc1 Ba5 23. e3 Bb6 24. d4 Bxa2 25. h4 Re8 26. Rc3 Be6 27. Bc6 Re7 28. Kg2 Bd7 29. Bf3 a5 30. Bxh5 a4 31. Bd1 Ba5 32. Ra3 Bb4 0-1

[Event "Titled Tuesday 2024.08.06 Late"]
[Site "Chess.com INT"]
[Date "2024.08.06"]
[Round "4"]
[White "Sai, Krishna GV"]
[Black "Kodihalli, Kaustubh"]
[Result "1-0"]
[WhiteElo "2402"]
[BlackElo "2122"]
[WhiteFideId "-1"]
[WhiteFideId "-1"]
[PlyCount "67"]
[GameId "2107989757629922"]
[EventDate "2024.08.06"]
[EventType "swiss (blitz)"]
[EventRounds "11"]
[EventCountry "NET"]
[SourceTitle "EXT 2025"]
[Source "ChessBase"]
[SourceDate "2024.10.14"]
[SourceVersion "1"]
[SourceVersionDate "2024.10.14"]
[SourceQuality "1"]

1. g3 d5 2. Bg2 Nf6 3. c4 e6 4. Nc3 c6 5. Nf3 Bd6 6. O-O O-O 7. b3 Nbd7 8. Bb2 e5 9. cxd5 Nxd5 10. d4 Nxc3 11. Bxc3 e4 12. Ne5 f5 13. f3 Nf6 14. Qc2 exf3 15. Rxf3 Be6 16. Raf1 Ne4 17. Bb2 Qe7 18. g4 Ng5 19. gxf5 Nxf3+ 20. Rxf3 Bd5 21. e4 Bf7 22. Nxf7 Rxf7 23. Bf1 Qg5+ 24. Kh1 Kh8 25. e5 Bc7 26. Bc1 Qg4 27. Rf4 Qg5 28. h4 Qh5 29. Be2 Qh6 30. Re4 g5 31. Bxg5 Qf8 32. Rf4 Re8 33. Bh5 Rg7 34. Bxe8 1-0

[Event "Titled Tuesday 2024.08.06 Late"]
[Site "Chess.com INT"]
[Date "2024.08.06"]
[Round "5"]
[White "Robson, Ray"]
[Black "Sai, Krishna GV"]
[Result "1-0"]
[WhiteElo "2700"]
[BlackElo "2402"]
[WhiteFideId "-1"]
[WhiteFideId "-1"]
[PlyCount "49"]
[GameId "2107989757642421"]
[EventDate "2024.08.06"]
[EventType "swiss (blitz)"]
[EventRounds "11"]
[EventCountry "NET"]
[SourceTitle "EXT 2025"]
[Source "ChessBase"]
[SourceDate "2024.10.14"]
[SourceVersion "1"]
[SourceVersionDate "2024.10.14"]
[SourceQuality "1"]

1. d4 g6 2. e4 Bg7 3. Nc3 c5 4. dxc5 Nc6 5. Be3 Nf6 6. Bd3 Qa5 7. h3 d5 8. cxd6 exd6 9. Nf3 d5 10. O-O O-O 11. exd5 Nxd5 12. Nxd5 Qxd5 13. c3 Rd8 14. Be2 Qa5 15. Qc1 Be6 16. Bh6 Bh8 17. Ng5 Bd5 18. Rd1 f6 19. b4 Qc7 20. Rxd5 Rxd5 21. Bc4 Ne7 22. Qe1 Qc6 23. Qxe7 fxg5 24. b5 Qxc4 25. Qe6# 1-0

[Event "Titled Tuesday 2024.08.06 Late"]
[Site "Chess.com INT"]
[Date "2024.08.06"]
[Round "6"]
[White "Sai, Krishna GV"]
[Black "Novik, Maxim"]
[Result "1-0"]
[WhiteElo "2402"]
[BlackElo "2411"]
[WhiteFideId "-1"]
[WhiteFideId "-1"]
[PlyCount "73"]
[GameId "2107989757650818"]
[EventDate "2024.08.06"]
[EventType "swiss (blitz)"]
[EventRounds "11"]
[EventCountry "NET"]
[SourceTitle "EXT 2025"]
[Source "ChessBase"]
[SourceDate "2024.10.14"]
[SourceVersion "1"]
[SourceVersionDate "2024.10.14"]
[SourceQuality "1"]

1. g3 Nf6 2. Bg2 d5 3. c4 d4 4. e4 d3 5. Nc3 Nc6 6. f4 Nd4 7. Kf1 Bg4 8. Nf3 e5 9. Qa4+ Bd7 10. Qa5 Nc6 11. Qb5 Nb4 12. Qxe5+ Be7 13. a3 Nc6 14. Qb5 O-O 15. Qb3 Na5 16. Qa2 Bc6 17. b4 Nxe4 18. Nxe4 Bxe4 19. bxa5 Bc5 20. Bb2 Re8 21. Qb3 Qd6 22. Ne5 Bxg2+ 23. Kxg2 Rad8 24. Rae1 f6 25. Qxd3 fxe5 26. Qxd6 cxd6 27. Kf3 exf4 28. d4 fxg3 29. dxc5 Rxe1 30. Rxe1 gxh2 31. Rh1 dxc5 32. Rxh2 Rd3+ 33. Ke4 Rb3 34. Kd5 b6 35. a6 Kf7 36. Kc6 g5 37. Kb7 1-0

[Event "Titled Tuesday 2024.08.06 Late"]
[Site "Chess.com INT"]
[Date "2024.08.06"]
[Round "7"]
[White "Parfenov, Viktor N"]
[Black "Sai, Krishna GV"]
[Result "0-1"]
[WhiteElo "2193"]
[BlackElo "2402"]
[WhiteFideId "-1"]
[WhiteFideId "-1"]
[PlyCount "107"]
[GameId "2107989757655102"]
[EventDate "2024.08.06"]
[EventType "swiss (blitz)"]
[EventRounds "11"]
[EventCountry "NET"]
[SourceTitle "EXT 2025"]
[Source "ChessBase"]
[SourceDate "2024.10.14"]
[SourceVersion "1"]
[SourceVersionDate "2024.10.14"]
[SourceQuality "1"]

1. e4 g6 2. d4 Bg7 3. Nc3 c5 4. dxc5 Qa5 5. Bd2 Qxc5 6. Nf3 Nf6 7. Bd3 O-O 8. O-O Nc6 9. a3 d5 10. exd5 Nxd5 11. Nxd5 Qxd5 12. Rb1 Bg4 13. h3 Bxf3 14. Qxf3 Qxf3 15. gxf3 Nd4 16. Kg2 Rfd8 17. Be3 Rac8 18. Bxd4 Bxd4 19. Rfd1 f5 20. c3 Be5 21. Bc2 Bf4 22. Rxd8+ Rxd8 23. Rd1 Rxd1 24. Bxd1 Bc1 25. Bb3+ Kg7 26. Bd5 b6 27. b4 Bxa3 28. b5 Bd6 29. c4 Kf6 30. Bg8 h6 31. Bd5 Ke5 32. Bf7 g5 33. Bg8 Kd4 34. Be6 f4 35. Bf7 Kd3 36. Bg8 Ke2 37. Be6 Bc5 38. Bd5 Bxf2 39. Be6 Bc5 40. Bd5 e5 41. Be4 Bf2 42. Bd5 Be3 43. Be4 Bc5 44. Bd5 Kd3 45. Kf1 Kd4 46. Kg2 a5 47. bxa6 b5 48. Be4 bxc4 49. Kf1 Ke3 50. Ke1 h5 51. Kd1 g4 52. hxg4 hxg4 53. fxg4 Kxe4 54. Kc2 0-1

[Event "Titled Tuesday 2024.08.06 Late"]
[Site "Chess.com INT"]
[Date "2024.08.06"]
[Round "8"]
[White "Sai, Krishna GV"]
[Black "Vakhidov, Jahongir"]
[Result "0-1"]
[WhiteElo "2402"]
[BlackElo "2571"]
[WhiteFideId "-1"]
[WhiteFideId "-1"]
[PlyCount "68"]
[GameId "2107989757663471"]
[EventDate "2024.08.06"]
[EventType "swiss (blitz)"]
[EventRounds "11"]
[EventCountry "NET"]
[SourceTitle "EXT 2025"]
[Source "ChessBase"]
[SourceDate "2024.10.14"]
[SourceVersion "1"]
[SourceVersionDate "2024.10.14"]
[SourceQuality "1"]

1. g3 g6 2. Bg2 Bg7 3. e4 d6 4. f4 Nf6 5. Nc3 e5 6. Nf3 Bg4 7. O-O Nc6 8. h3 Bxf3 9. Bxf3 Qd7 10. f5 Nd4 11. g4 h6 12. Bg2 O-O-O 13. d3 gxf5 14. exf5 d5 15. Ne2 Nc6 16. c3 Bf8 17. b4 Rg8 18. Qa4 Nxg4 19. b5 Bc5+ 20. Kh1 Nf2+ 21. Rxf2 Bxf2 22. bxc6 Qxf5 23. Qb5 Bb6 24. Be3 Rxg2 25. Kxg2 Rg8+ 26. Ng3 bxc6 27. Qxc6 Rxg3+ 28. Kxg3 Bxe3 29. Qa8+ Kd7 30. Qxd5+ Ke7 31. Qf3 Qxd3 32. Kg2 Qc2+ 33. Kh1 Bf4 34. Qg3 Bxg3 0-1

[Event "Titled Tuesday 2024.08.06 Late"]
[Site "Chess.com INT"]
[Date "2024.08.06"]
[Round "9"]
[White "Sai, Krishna GV"]
[Black "Janaszak, Dawid"]
[Result "0-1"]
[WhiteElo "2402"]
[BlackElo "2308"]
[WhiteFideId "-1"]
[WhiteFideId "-1"]
[PlyCount "66"]
[GameId "2107989757671839"]
[EventDate "2024.08.06"]
[EventType "swiss (blitz)"]
[EventRounds "11"]
[EventCountry "NET"]
[SourceTitle "EXT 2025"]
[Source "ChessBase"]
[SourceDate "2024.10.14"]
[SourceVersion "1"]
[SourceVersionDate "2024.10.14"]
[SourceQuality "1"]

1. g3 h5 2. Bg2 h4 3. e4 e5 4. d4 exd4 5. Qxd4 Nc6 6. Qe3 b6 7. Nc3 Bc5 8. Qe2 Nd4 9. Qd3 a5 10. Be3 Ba6 11. Qd1 Ne6 12. Bxc5 bxc5 13. Qd2 Rb8 14. O-O-O Ne7 15. Nd5 c6 16. Nxe7 Qxe7 17. Qxa5 Qf6 18. Qxa6 Qxb2+ 19. Kd2 Qb4+ 20. Ke2 Nd4+ 21. Kf1 O-O 22. Ne2 Nxc2 23. Qd3 Qb2 24. gxh4 Qxa2 25. Rg1 c4 26. Qxd7 Rbd8 27. Qxd8 Rxd8 28. Rxd8+ Kh7 29. Bh3 Qb1+ 30. Kg2 Ne1+ 31. Kg3 Qb3+ 32. Kf4 Qf3+ 33. Ke5 Qf6# 0-1

[Event "Titled Tuesday 2024.07.30 Late"]
[Site "Chess.com INT"]
[Date "2024.07.30"]
[Round "1"]
[White "Lopusiewicz, Piotr"]
[Black "Sai, Krishna GV"]
[Result "1-0"]
[WhiteElo "2301"]
[BlackElo "2402"]
[WhiteFideId "-1"]
[WhiteFideId "-1"]
[PlyCount "51"]
[GameId "2075361433522176"]
[EventDate "2024.07.30"]
[EventType "swiss (blitz)"]
[EventRounds "11"]
[EventCountry "NET"]
[SourceTitle "EXT 2025"]
[Source "ChessBase"]
[SourceDate "2024.10.14"]
[SourceVersion "1"]
[SourceVersionDate "2024.10.14"]
[SourceQuality "1"]

1. d4 g6 2. e4 Bg7 3. Nf3 c5 4. d5 e5 5. Nc3 d6 6. Nd2 Ne7 7. h4 f5 8. h5 f4 9. hxg6 hxg6 10. Rxh8+ Bxh8 11. Nc4 a6 12. a4 b6 13. Bd2 Bf6 14. Qf3 Kf7 15. g3 g5 16. gxf4 exf4 17. e5 dxe5 18. d6 Nec6 19. Qh5+ Kg7 20. Bd3 Qh8 21. Qxh8+ Kxh8 22. Nxb6 Bb7 23. Nxa8 Bxa8 24. Ne4 Kg7 25. Nxc5 Nb4 26. Bxb4 1-0

[Event "Titled Tuesday 2024.07.30 Late"]
[Site "Chess.com INT"]
[Date "2024.07.30"]
[Round "2"]
[White "Sai, Krishna GV"]
[Black "Wang, Henry H"]
[Result "0-1"]
[WhiteElo "2402"]
[BlackElo "2141"]
[WhiteFideId "-1"]
[WhiteFideId "-1"]
[PlyCount "46"]
[GameId "2075361434632192"]
[EventDate "2024.07.30"]
[EventType "swiss (blitz)"]
[EventRounds "11"]
[EventCountry "NET"]
[SourceTitle "EXT 2025"]
[Source "ChessBase"]
[SourceDate "2024.10.14"]
[SourceVersion "1"]
[SourceVersionDate "2024.10.14"]
[SourceQuality "1"]

1. Nf3 d6 2. g3 Nf6 3. Bg2 e5 4. O-O Be7 5. d3 O-O 6. e4 c6 7. Nh4 d5 8. Qe2 Re8 9. Nf5 Bf8 10. g4 g6 11. Nh6+ Bxh6 12. Bxh6 Nxg4 13. Bd2 Qh4 14. h3 Nf6 15. Qf3 Be6 16. Nc3 Nbd7 17. Rae1 d4 18. Ne2 Nh5 19. Ng3 Ndf6 20. Kh2 Bg4 21. Nxh5 Bxf3 22. Bxf3 Nxh5 23. Rg1 Qxf2+ 0-1

[Event "Titled Tuesday 2024.07.23 Late"]
[Site "Chess.com INT"]
[Date "2024.07.23"]
[Round "1"]
[White "Stojanovski, Sandi"]
[Black "Sai, Krishna GV"]
[Result "0-1"]
[WhiteElo "2169"]
[BlackElo "2402"]
[WhiteFideId "-1"]
[WhiteFideId "-1"]
[PlyCount "96"]
[GameId "2072788615675904"]
[EventDate "2024.07.23"]
[EventType "swiss (blitz)"]
[EventRounds "11"]
[EventCountry "NET"]
[SourceTitle "EXT 2025"]
[Source "ChessBase"]
[SourceDate "2024.10.14"]
[SourceVersion "1"]
[SourceVersionDate "2024.10.14"]
[SourceQuality "1"]

1. d3 g6 2. Nf3 Bg7 3. g3 e5 4. Bg2 d5 5. O-O f5 6. c4 d4 7. Na3 Ne7 8. e3 dxe3 9. Bxe3 O-O 10. d4 e4 11. Ne5 Nbc6 12. Nxc6 Nxc6 13. d5 Ne5 14. Bd4 Qg5 15. Bxe5 Bxe5 16. Qc2 f4 17. Bxe4 Bh3 18. c5 Bxf1 19. Rxf1 Rae8 20. Kg2 Qf6 21. f3 fxg3 22. hxg3 Qg5 23. Qf2 h5 24. Nc4 Bf4 25. b4 h4 26. g4 h3+ 27. Kh1 Be5 28. Qe2 Qf4 29. Rd1 Qg3 30. d6 cxd6 31. cxd6 Bf4 32. d7 Rd8 33. Nd2 Bc7 34. Bd5+ Kh8 35. Be6 Rf6 36. Nf1 Qg2+ 37. Qxg2 hxg2+ 38. Kxg2 Rxe6 39. Ng3 Bxg3 40. Kxg3 Re7 41. f4 Rexd7 42. Rh1+ Kg7 43. g5 Rd3+ 44. Kg4 R8d4 45. Rc1 Rd7 46. Rc4 R3d4 47. Rc5 Rf7 48. Re5 Rdxf4+ 0-1

[Event "Titled Tuesday 2024.07.23 Late"]
[Site "Chess.com INT"]
[Date "2024.07.23"]
[Round "2"]
[White "Sai, Krishna GV"]
[Black "Ai, Evan Zihao"]
[Result "0-1"]
[WhiteElo "2402"]
[BlackElo "2150"]
[WhiteFideId "-1"]
[WhiteFideId "-1"]
[PlyCount "86"]
[GameId "2072788616396800"]
[EventDate "2024.07.23"]
[EventType "swiss (blitz)"]
[EventRounds "11"]
[EventCountry "NET"]
[SourceTitle "EXT 2025"]
[Source "ChessBase"]
[SourceDate "2024.10.14"]
[SourceVersion "1"]
[SourceVersionDate "2024.10.14"]
[SourceQuality "1"]

1. d4 d5 2. Nf3 Nf6 3. Bf4 e6 4. e3 c5 5. c3 Nc6 6. Bd3 Nh5 7. Bg3 Bd6 8. Nbd2 g6 9. Qe2 O-O 10. Bxd6 Qxd6 11. g4 Ng7 12. h4 e5 13. Nxe5 Nxe5 14. dxe5 Qxe5 15. h5 Re8 16. O-O-O Ne6 17. hxg6 fxg6 18. Rh6 Nf4 19. exf4 Qxe2 20. Bxe2 Rxe2 21. Rdh1 Re7 22. g5 Bg4 23. R6h4 Bf5 24. Rd1 Rae8 25. Nf3 Re2 26. Rd2 Rxd2 27. Kxd2 Re4 28. Ne5 d4 29. c4 Kg7 30. a3 a6 31. b4 cxb4 32. axb4 d3 33. b5 axb5 34. cxb5 Rb4 35. Nxd3 Rd4 36. Rh3 Bxh3 37. Kc3 Rd5 38. Kc4 Rxd3 39. Kxd3 Bf1+ 40. Kd4 Bxb5 41. Kc5 Bc6 42. Kd6 Kf7 43. Kc5 Ke6 0-1

[Event "Titled Tuesday 2024.07.23 Late"]
[Site "Chess.com INT"]
[Date "2024.07.23"]
[Round "3"]
[White "Collins, Adam"]
[Black "Sai, Krishna GV"]
[Result "1/2-1/2"]
[WhiteElo "2176"]
[BlackElo "2402"]
[WhiteFideId "-1"]
[WhiteFideId "-1"]
[PlyCount "116"]
[GameId "2072788617482240"]
[EventDate "2024.07.23"]
[EventType "swiss (blitz)"]
[EventRounds "11"]
[EventCountry "NET"]
[SourceTitle "EXT 2025"]
[Source "ChessBase"]
[SourceDate "2024.10.14"]
[SourceVersion "1"]
[SourceVersionDate "2024.10.14"]
[SourceQuality "1"]

1. d4 g6 2. e4 Bg7 3. Nc3 c5 4. dxc5 Qa5 5. Nge2 Nf6 6. Bd2 Qxc5 7. Be3 Qa5 8. Qd2 O-O 9. Nd4 Nc6 10. Be2 d5 11. exd5 Nxd5 12. Nxd5 Qxd5 13. Bf3 Qe5 14. Nxc6 bxc6 15. c3 Ba6 16. Be2 Bxe2 17. Qxe2 f5 18. Bd4 Qxe2+ 19. Kxe2 e5 20. Bc5 Rfd8 21. Rad1 a6 22. a4 Kf7 23. Bb6 Rd5 24. c4 Rxd1 25. Rxd1 Ke6 26. Bc5 Bf8 27. Bxf8 Rxf8 28. b4 Rb8 29. Rb1 e4 30. Kd2 Ke5 31. Kc3 f4 32. b5 cxb5 33. cxb5 Rc8+ 34. Kd2 axb5 35. axb5 Rd8+ 36. Ke2 Rb8 37. b6 Kd5 38. Rb4 g5 39. b7 Kc6 40. Rxe4 Rxb7 41. Kf3 Kd5 42. Ra4 Rb3+ 43. Kg4 Rb2 44. Ra5+ Ke6 45. Rxg5 Rxf2 46. Kh5 Kf6 47. Rg4 Kf5 48. Rg8 Rf1 49. Kh6 Rh1 50. h3 Ke4 51. Rg4 Ke3 52. Kxh7 Kf2 53. h4 f3 54. gxf3 Kxf3 55. Ra4 Kg3 56. Kg6 Rxh4 57. Ra3+ Kf2 58. Kg5 Rh8 1/2-1/2

[Event "Titled Tuesday 2024.07.23 Late"]
[Site "Chess.com INT"]
[Date "2024.07.23"]
[Round "4"]
[White "Shevchuk, Olexandr"]
[Black "Sai, Krishna GV"]
[Result "0-1"]
[WhiteElo "2093"]
[BlackElo "2402"]
[WhiteFideId "-1"]
[WhiteFideId "-1"]
[PlyCount "44"]
[GameId "2072788617859072"]
[EventDate "2024.07.23"]
[EventType "swiss (blitz)"]
[EventRounds "11"]
[EventCountry "NET"]
[SourceTitle "EXT 2025"]
[Source "ChessBase"]
[SourceDate "2024.10.14"]
[SourceVersion "1"]
[SourceVersionDate "2024.10.14"]
[SourceQuality "1"]

1. d4 g6 2. c4 Bg7 3. Nf3 c5 4. g3 Nc6 5. d5 Nd4 6. Bg2 e5 7. e3 Nxf3+ 8. Bxf3 d6 9. O-O f5 10. Nc3 h5 11. a3 h4 12. Bg2 Nf6 13. e4 a5 14. Bg5 Rh5 15. Bxf6 Qxf6 16. Qf3 f4 17. g4 Bxg4 18. Qxg4 Rg5 19. Qf3 h3 20. Qxh3 f3 21. Nb5 Ke7 22. Nc7 Rh8 0-1

[Event "Titled Tuesday 2024.07.23 Late"]
[Site "Chess.com INT"]
[Date "2024.07.23"]
[Round "5"]
[White "Sai, Krishna GV"]
[Black "Hansen, Torbjorn Ringdal"]
[Result "0-1"]
[WhiteElo "2402"]
[BlackElo "2433"]
[WhiteFideId "-1"]
[WhiteFideId "-1"]
[PlyCount "44"]
[GameId "2072788618858496"]
[EventDate "2024.07.23"]
[EventType "swiss (blitz)"]
[EventRounds "11"]
[EventCountry "NET"]
[SourceTitle "EXT 2025"]
[Source "ChessBase"]
[SourceDate "2024.10.14"]
[SourceVersion "1"]
[SourceVersionDate "2024.10.14"]
[SourceQuality "1"]

1. d4 Nf6 2. Nc3 d5 3. Bg5 g6 4. Qd2 Bg7 5. Bh6 O-O 6. h4 c5 7. dxc5 d4 8. Bxg7 Kxg7 9. O-O-O Nc6 10. Nb5 Qd5 11. Kb1 Be6 12. b3 Qxc5 13. Nxd4 Rfd8 14. Ngf3 Ne4 15. Qe3 Nc3+ 16. Kc1 Qa3+ 17. Kd2 Nxd1 18. Kxd1 Nxd4 19. Nxd4 Qb2 20. c3 Rac8 21. Qd2 Qa1+ 22. Qc1 Rxd4+ 0-1

[Event "Titled Tuesday 2024.07.23 Late"]
[Site "Chess.com INT"]
[Date "2024.07.23"]
[Round "6"]
[White "Sai, Krishna GV"]
[Black "Przybylski, Wojciech"]
[Result "1-0"]
[WhiteElo "2402"]
[BlackElo "2308"]
[WhiteFideId "-1"]
[WhiteFideId "-1"]
[PlyCount "57"]
[GameId "2072788619677696"]
[EventDate "2024.07.23"]
[EventType "swiss (blitz)"]
[EventRounds "11"]
[EventCountry "NET"]
[SourceTitle "EXT 2025"]
[Source "ChessBase"]
[SourceDate "2024.10.14"]
[SourceVersion "1"]
[SourceVersionDate "2024.10.14"]
[SourceQuality "1"]

1. d4 Nf6 2. Bg5 Ne4 3. Bf4 e6 4. f3 Nf6 5. e4 d5 6. e5 Nfd7 7. c4 c6 8. Nc3 Bb4 9. Qb3 Qa5 10. Bd2 dxc4 11. Bxc4 b5 12. Bd3 O-O 13. a3 Bxc3 14. Bxc3 Qb6 15. Ne2 Bb7 16. f4 a5 17. O-O Na6 18. Rf3 Nc7 19. Rh3 g6 20. Qd1 c5 21. Qe1 Qc6 22. Qg3 c4 23. Bc2 Nd5 24. Be4 b4 25. Qh4 h5 26. Ng3 bxc3 27. Nxh5 cxb2 28. Nf6+ N5xf6 29. Qh8# 1-0

[Event "Titled Tuesday 2024.07.23 Late"]
[Site "Chess.com INT"]
[Date "2024.07.23"]
[Round "7"]
[White "Pinto, Daniel"]
[Black "Sai, Krishna GV"]
[Result "0-1"]
[WhiteElo "2265"]
[BlackElo "2402"]
[WhiteFideId "-1"]
[WhiteFideId "-1"]
[PlyCount "128"]
[GameId "2072788620890112"]
[EventDate "2024.07.23"]
[EventType "swiss (blitz)"]
[EventRounds "11"]
[EventCountry "NET"]
[SourceTitle "EXT 2025"]
[Source "ChessBase"]
[SourceDate "2024.10.14"]
[SourceVersion "1"]
[SourceVersionDate "2024.10.14"]
[SourceQuality "1"]

1. e4 g6 2. d4 Bg7 3. c3 c5 4. dxc5 Qc7 5. Nf3 Nf6 6. Bd3 O-O 7. O-O Qxc5 8. Na3 d5 9. e5 Ng4 10. Qe2 Nc6 11. Bf4 f6 12. exf6 Rxf6 13. Bg5 Rf7 14. h3 Nge5 15. Nxe5 Nxe5 16. Be3 Qc7 17. Nb5 Qb8 18. f4 Nxd3 19. Qxd3 a6 20. Nd4 Bd7 21. Qd2 Qd6 22. Nf3 Raf8 23. Ne5 Bxe5 24. fxe5 Qxe5 25. Rxf7 Rxf7 26. Rf1 Rxf1+ 27. Kxf1 Bf5 28. Bd4 Qh2 29. Qe3 Be4 30. Qg1 Qf4+ 31. Ke2 e5 32. Be3 Qg3 33. Qf2 Qxg2 34. Qxg2 Bxg2 35. h4 Kf7 36. Bh6 Ke6 37. Ke3 Kf5 38. Bg7 Kg4 39. Bf6 Be4 40. c4 Kf5 41. cxd5 Bxd5 42. Bd8 Bxa2 43. b4 Bd5 44. Be7 Kg4 45. Bg5 b6 46. Bd8 a5 47. bxa5 bxa5 48. Bxa5 Kxh4 49. Bc7 e4 50. Bh2 Kg4 51. Bd6 g5 52. Kf2 Bc6 53. Be7 Kf4 54. Bd6+ Kf5 55. Be7 h6 56. Bf8 h5 57. Be7 h4 58. Bd8 Kg4 59. Be7 Kh5 60. Bd8 g4 61. Bc7 g3+ 62. Ke3 Kg4 63. Bd6 h3 64. Be5 h2 0-1

[Event "Titled Tuesday 2024.07.23 Late"]
[Site "Chess.com INT"]
[Date "2024.07.23"]
[Round "8"]
[White "Liu, Eric"]
[Black "Sai, Krishna GV"]
[Result "0-1"]
[WhiteElo "2344"]
[BlackElo "2402"]
[WhiteFideId "-1"]
[WhiteFideId "-1"]
[PlyCount "102"]
[GameId "2072788621578240"]
[EventDate "2024.07.23"]
[EventType "swiss (blitz)"]
[EventRounds "11"]
[EventCountry "NET"]
[SourceTitle "EXT 2025"]
[Source "ChessBase"]
[SourceDate "2024.10.14"]
[SourceVersion "1"]
[SourceVersionDate "2024.10.14"]
[SourceQuality "1"]

1. b3 g6 2. Bb2 Nf6 3. g3 Bg7 4. Bg2 O-O 5. h4 h5 6. a4 d5 7. d3 Nc6 8. Nf3 d4 9. Nbd2 e5 10. O-O Nd5 11. Re1 Bh6 12. Nc4 Re8 13. e4 Nc3 14. Bxc3 dxc3 15. a5 Bg4 16. Ne3 Bxf3 17. Bxf3 Nd4 18. Nd5 Bd2 19. Rf1 Kg7 20. Bg2 Rh8 21. f4 c6 22. fxe5 cxd5 23. exd5 Re8 24. Ra4 Nf5 25. Rxf5 gxf5 26. d4 Rh8 27. d6 f4 28. Qf3 fxg3 29. Qxg3+ Kf8 30. d5 Rg8 31. Qf3 Rg6 32. a6 bxa6 33. Qxh5 Kg7 34. Qf5 Qb6+ 35. Kf1 Qe3 36. Re4 Qg3 37. Re2 Rh8 38. Rf2 Rxh4 39. Qxf7+ Kh6 40. Qf8+ Kh7 41. Rf7+ Rg7 42. Rxg7+ Qxg7 43. Be4+ Rxe4 44. Qf5+ Qg6 45. Qxg6+ Kxg6 46. d7 Bg5 47. e6 Rd4 48. Ke2 Rxd5 49. Kf3 Re5 50. b4 Rxe6 51. d8=Q Bxd8 0-1